Pierre Alechinsky

Bibliographic Details
Main Author: Bartošová, Zuzana, 1946- (Author)
Format: Article
Language:Slovak
ISSN:0231-6269
Subjects:

MARC

LEADER 00000nab a2200000 a 4500
001 vtls000686557
003 SK-MaSNL
005 20260304094828.0
008 250425c1998 xo 0 slo
015 |a SNBRB1999/03-06776 
035 |a CLN000038724 
035 |a urn:nbn:sk:snk-abbsgo 
035 |a (urnnbn)urn:nbn:sk:snk:ar-004p5s 
035 |a (uuid)61b7aaf8-ed2b-4b69-88d6-826a82ed62d9 
040 |a SNKBUCL  |b slo  |c SNKBUCL  |e AACR2 
041 0 |a slo 
044 |a xo  |c SK 
080 |a 75.071.1  |2 1997 
100 1 |a Bartošová, Zuzana,  |d 1946-  |4 aut  |9 92788 
245 1 0 |a Pierre Alechinsky  |c Zuzana Bartošová 
600 1 7 |a Alechinsky, Pierre,  |d 1927-  |2 snkbucl  |9 1391569 
655 7 |a články z novín a časopisov  |2 snkbucl  |9 267496 
773 0 |t Revue svetovej literatúry  |g Roč. 34, č. 4 (1998), s. 89  |x 0231-6269 
850 |a Slovenská národná knižnica 
852 |a Slovenská národná knižnica 
958 |a article15 
958 |a OND 
958 |a EUIPO 
992 |a RBX 
999 |c 2829184  |d 2831114